BEYNİMİZ NASIL ÇALIŞIR? (Kayıt no. 1300550)

MARC ayrıntıları
000 -LEADER
sabit uzunluktaki kontrol alanı 00253nam a2200097Ia 4500
001 - KONTROL NUMARASI
kontrol alanı 1300550
005 - EN SON İŞLEMİN TARİH VE ZAMANI
kontrol alanı 20260420095906.0
008 - SABİT-UZUNLUKTA VERİ ÖĞELERİ--GENEL BİLGİ
sabit uzunluktaki kontrol alanı 260420s9999 xx 000 0 und d
245 #0 - ESER / YAZAR
ESER ADI BEYNİMİZ NASIL ÇALIŞIR?
Yazar Adı BETİNA IP
260 ## - YAYIN, DAĞITIM, VB.
YAYIN EVİ TÜBİTAK YAYINLARI
Mevcut
Düşüm durumu Kayıp durumu Hasar Durumu Ödünç verilmez Ana kütüphane Geçerli Kütüphane Edinilen tarih Toplam ödünç verme sayısı Barkod Son görüntüleme tarihi Fiyatın geçerli olmaya başladığı tarih Koha materyal türü
        ŞERİFE AKKANAT İLKOKULU ŞERİFE AKKANAT İLKOKULU 20.04.2026   11054918 20.04.2026 20.04.2026 Kitaplar
Gemini Bilgi Teknolojileri A.Ş. tarafından düzenlenmiştir.